| 000 | 00477nam a2200193Ia 4500 | ||
|---|---|---|---|
| 003 | OSt | ||
| 005 | 20240315063621.0 | ||
| 008 | 210327s9999||||xx |||||||||||||| ||und|| | ||
| 040 | _cSTCPL | ||
| 041 | _aENG | ||
| 082 |
_a821.09 _bLBD-A |
||
| 110 | _aLyall Book Depot | ||
| 245 | 0 |
_aAristotle's poetics / _cby Lyall Book Depot |
|
| 260 |
_aLudhiana : _bLyall Book Depot , _c1896 . |
||
| 300 |
_a128 p. _bPB |
||
| 650 | _aEnglish Literature | ||
| 942 | _cBK | ||
| 942 | _2ddc | ||
| 999 |
_c16719 _d16719 |
||